Northernmost and southernmost 100k cities - Statistics

General Stats
  • This quiz has been taken 123 times
    47 since last reset
  • The average score is 10 of 20
Answer Stats
Hint Answer % Correct
68°58'N 266 k Murmansk
94%
43°31'S 377 k Christchurch
86%
42°52'S 197 k Hobart
86%
41°17'S 212 k Wellington
86%
63°25'N 198 k Trondheim
81%
64°08'N 239 k Reykjavik
78%
64°32'N 296 k Arkhangelsk
72%
65°00'N 215 k Oulu
72%
53°10'S 125 k Punta Arenas
56%
45°52'S 102 k Dunedin
50%
69°20'N 176 k Norilsk
42%
45°51'S 199 k Comodoro
33%
51°38'S 115 k Río Gallegos
25%
64°34'N 155 k Severodvinsk
22%
66°05'N 106 k Novy Urengoy
17%
41°28'S 171 k Puerto Montt
17%
62°14'N 134 k Jyväskylä
14%
41°13'S 111 k Lower Hutt
8%
63°12'N 102 k Noyabrsk
8%
43°15'S 104 k Trelew
8%
No matching quizzes found
Score Distribution
Percent of People with Each Score
Percentile by Number Answered
Your Score History
You have not taken this quiz since the last reset